000 00584nam a2200157 a 4500
001 000030746
005 20200930062503.0
008 110527s1971 dr 000 0 spa d
040 _aDO-SdBNP
_bspa
_cBNPHU
100 1 _aMatos Berrido, Leonardo
_924949
245 1 4 _aLas organizaciones en el desarrollo comunitario /
_cLeonardo Matos Berrido.
260 _aSanto Domingo:,
_c1971.
300 _a10 p. ;
_c22 cm.
500 _aCharla ofrecida por el director de la Oficina de Desarrollo de la Comunidad en el Club Unión Progreso, de Baní el día 9 de octubre de 1971
049 _aBNPD
999 _c30238
_d30238